[Event "DVM U12 2003"]
[Site "Verden/Aller GER"]
[Date "2003.12.28"]
[Round "4"]
[White "Sergin, Mark"]
[Black "Streich, Justus"]
[Result "1-0"]
[Termination "normal"]
[Board "9.2"]
[WhiteElo "1485"]
[BlackElo "1322"]
[WhiteTeam "SK Baunatal"]
[BlackTeam "Königsspringer Hamburg"]
[PlyCount "139"]
[WhiteFideId "24615307"]
[BlackFideId "24697168"]
[EventCountry "GER"]
[EventRounds "7"]
[EventType "team-swiss"]
[EventDate "2003.12.26"]

1. e4 e6 2. d4 d5 3. e5 c5 4. c3 Qb6 5. Nf3 Bd7 6. Be2 Bb5 7. O-O Bxe2 8. Qxe2
Nc6 9. Rd1 Nge7 10. dxc5 Qxc5 11. Be3 Qa5 12. Na3 a6 13. c4 Qd8 14. cxd5 Nxd5
15. Nc4 Qc7 16. Rac1 Be7 17. Bg5 Bc5 18. a3 a5 19. Ncd2 Bb6 20. Ne4 O-O 21. Nd6
Qd7 22. Nc4 Bc7 23. Ne3 h6 24. Nxd5 exd5 25. Bh4 Bd8 26. Bg3 Ne7 27. Qd3 Bb6
28. Bh4 Rad8 29. Qb3 Ba7 30. Bxe7 Qxe7 31. Rxd5 Rxd5 32. Qxd5 Rd8 33. Qxa5 Qd7
34. h3 Bd4 35. Qb4 Ba7 36. Qc4 Bb8 37. b4 Kh8 38. b5 b6 39. Qc6 Qd3 40. Qxb6 f6
41. Re1 fxe5 42. Nxe5 Bxe5 43. Rxe5 Qb1+ 44. Kh2 Rd1 45. Qe3 Rh1+ 46. Kg3 Qg6+
47. Kf3 Qf7+ 48. Qf4 Qb3+ 49. Kg4 Qg8 50. b6 Rb1 51. Qe3 Qc4+ 52. Qf4 Qc8+ 53.
Qf5 Qc4+ 54. Re4 Qg8 55. Rf4 Rxb6 56. Qf8 Rg6+ 57. Kf3 Ra6 58. Qxg8+ Kxg8 59.
a4 g5 60. Re4 Kf7 61. Ke3 Kf6 62. Kd3 Kf5 63. f3 Rc6 64. a5 h5 65. Ra4 Ra6 66.
Kc4 Ke5 67. Kb5 Ra8 68. a6 Kd5 69. a7 Ke5 70. Kb6 1-0

[Event "DVM U12 2003"]
[Site "Verden/Aller GER"]
[Date "2003.12.28"]
[Round "4"]
[White "Langmann, Markus"]
[Black "Sharikow, Alexej"]
[Result "0-1"]
[Termination "normal"]
[Board "9.3"]
[WhiteElo "1270"]
[BlackElo "1247"]
[WhiteTeam "Königsspringer Hamburg"]
[BlackTeam "SK Baunatal"]
[PlyCount "82"]
[WhiteFideId "24651281"]
[EventCountry "GER"]
[EventRounds "7"]
[EventType "team-swiss"]
[EventDate "2003.12.26"]

1. e4 e5 2. Nf3 Nf6 3. Nxe5 Qe7 4. d4 d6 5. Nf3 Nxe4 6. Be2 Bg4 7. Qd3 Nc6 8.
O-O O-O-O 9. Be3 Bf5 10. d5 Ne5 11. Qb3 Nc5 12. Qb4 Bxc2 13. Nc3 Bd3 14. Rfd1
Bxe2 15. Nxe5 Qxe5 16. Nxe2 g6 17. Bd4 Qe4 18. Nc3 Qh4 19. Qa5 Rg8 20. Nb5 Na6
21. Nxa7+ Kb8 22. Qb5 Ka8 23. Nc6 Rc8 24. Ba7 Bg7 25. a3 Qf6 26. b4 Qh4 27. Na5
Rb8 28. Bxb8 Rxb8 29. Rac1 Qg4 30. h3 Qh5 31. Rc6 Qxd1+ 32. Kh2 Be5+ 33. g3
Bxg3+ 34. Kxg3 Qg1+ 35. Kf3 Qh1+ 36. Ke2 Re8+ 37. Kd2 Qe1+ 38. Kc2 Re2+ 39. Kb3
Qd1+ 40. Kc3 Qc2+ 41. Kd4 Re4# 0-1

[Event "DVM U12 2003"]
[Site "Verden/Aller GER"]
[Date "2003.12.28"]
[Round "4"]
[White "Zimmer, Dominic"]
[Black "Dinger, Solvejg"]
[Result "0-1"]
[Termination "normal"]
[Board "10.2"]
[WhiteElo "759"]
[BlackElo "1248"]
[WhiteTeam "SC Reti Heusweiler"]
[BlackTeam "SV Oberkochen"]
[PlyCount "42"]
[EventCountry "GER"]
[EventRounds "7"]
[EventType "team-swiss"]
[EventDate "2003.12.26"]

1. e4 e5 2. Bc4 Nf6 3. Nc3 Nc6 4. Nf3 Bb4 5. O-O O-O 6. d3 h6 7. a3 Bxc3 8.
bxc3 Ne8 9. Rb1 Nf6 10. Be3 d5 11. exd5 Nxd5 12. Qd2 b6 13. Bxd5 Qxd5 14. c4
Qe6 15. Rb5 Bb7 16. Re1 Rfe8 17. Bf4 Qg4 18. Bxe5 Nxe5 19. Rbxe5 Rxe5 20. Rxe5
Bxf3 21. g3 Qh3 0-1

[Event "DVM U12 2003"]
[Site "Verden/Aller GER"]
[Date "2003.12.28"]
[Round "4"]
[White "Kurz, Kevin"]
[Black "Sonnhalter, Stella"]
[Result "1-0"]
[Termination "normal"]
[Board "10.3"]
[WhiteElo "1063"]
[BlackElo "288"]
[WhiteTeam "SV Oberkochen"]
[BlackTeam "SC Reti Heusweiler"]
[PlyCount "71"]
[BlackFideId "4624815"]
[EventCountry "GER"]
[EventRounds "7"]
[EventType "team-swiss"]
[EventDate "2003.12.26"]

1. e4 d5 2. exd5 Qxd5 3. Nc3 Qa5 4. d3 Bf5 5. Bd2 e6 6. Nf3 Nf6 7. Be2 Bd6 8.
O-O O-O 9. Ne4 Qb6 10. Nxf6+ gxf6 11. Bh6 Re8 12. Rb1 Bg6 13. c4 c6 14. Qb3 Nd7
15. Rfc1 c5 16. Nd2 Rad8 17. Ne4 Qxb3 18. axb3 f5 19. Nxd6 Re7 20. Nxb7 Rb8 21.
Na5 Ree8 22. h4 f6 23. g3 Ne5 24. Kh2 Ng4+ 25. Bxg4 fxg4 26. Nc6 Rb7 27. Ra1
Rxb3 28. Rxa7 Rxb2 29. Ne7+ Rxe7 30. Rxe7 Rxf2+ 31. Kg1 Rd2 32. Rxe6 Kf7 33.
Bxd2 Kxe6 34. Rc3 h5 35. Be3 Ke5 36. Bxc5 1-0

[Event "DVM U12 2003"]
[Site "Verden/Aller GER"]
[Date "2003.12.29"]
[Round "5"]
[White "Seyb, Alexander"]
[Black "Heistermann, Till"]
[Result "1/2-1/2"]
[Termination "normal"]
[Board "1.1"]
[WhiteElo "1841"]
[BlackElo "1573"]
[WhiteTeam "FSV Großenseebach"]
[BlackTeam "SC Leipzig-Gohlis"]
[PlyCount "87"]
[WhiteFideId "4699033"]
[EventCountry "GER"]
[EventRounds "7"]
[EventType "team-swiss"]
[EventDate "2003.12.26"]

1. e4 c5 2. Nf3 d6 3. d4 cxd4 4. Nxd4 Nf6 5. Nc3 g6 6. f4 Nc6 7. Nxc6 bxc6 8.
e5 Nd7 9. exd6 exd6 10. Be3 Nf6 11. Be2 Bg7 12. Bf3 Bb7 13. O-O O-O 14. Qd2 d5
15. Na4 Nd7 16. Nc5 Nxc5 17. Bxc5 Re8 18. c3 f5 19. Rfe1 Qa5 20. Rxe8+ Rxe8 21.
Qf2 a6 22. a4 Qc7 23. Re1 Qd7 24. Re3 Kf7 25. Qe2 Re6 26. Kf2 Qe8 27. Rxe6 Qxe6
28. Qxe6+ Kxe6 29. Ke3 Bf6 30. Bd4 Bxd4+ 31. Kxd4 Kd6 32. b4 h6 33. h4 h5 34.
Be2 Bc8 35. c4 Bb7 36. cxd5 cxd5 37. b5 a5 38. g3 Ba8 39. b6 Bc6 40. Ba6 Bxa4
41. b7 Kc7 42. Kxd5 Bc6+ 43. Kc5 Be8 44. Kc4 1/2-1/2

[Event "DVM U12 2003"]
[Site "Verden/Aller GER"]
[Date "2003.12.29"]
[Round "5"]
[White "Doberitz, Paul"]
[Black "Kirch, Florian"]
[Result "1/2-1/2"]
[Termination "normal"]
[Board "1.2"]
[WhiteElo "1560"]
[BlackElo "1604"]
[WhiteTeam "SC Leipzig-Gohlis"]
[BlackTeam "FSV Großenseebach"]
[PlyCount "74"]
[WhiteFideId "24646130"]
[BlackFideId "24605794"]
[EventCountry "GER"]
[EventRounds "7"]
[EventType "team-swiss"]
[EventDate "2003.12.26"]

1. e4 g6 2. d4 Bg7 3. Nc3 d6 4. Nf3 Nf6 5. Bc4 Nxe4 6. Bxf7+ Kxf7 7. Nxe4 h6 8.
O-O Rf8 9. c3 Kg8 10. Be3 Bg4 11. Qb3+ e6 12. Nfd2 Qc8 13. f3 Bf5 14. Nf2 g5
15. Nde4 Nc6 16. Ng4 Ne7 17. Ng3 Bg6 18. Ne2 Nf5 19. Bd2 Kh7 20. f4 h5 21. Ne3
g4 22. Nxf5 Bxf5 23. Be1 Bf6 24. Ng3 Bg6 25. Qb5 a6 26. Qe2 Qd7 27. Ne4 Qe7 28.
Nxf6+ Qxf6 29. Bd2 Rae8 30. Rae1 Bf5 31. Qc4 Rf7 32. Qa4 Rff8 33. Qb4 Rb8 34.
Qc4 Rf7 35. Be3 Qg6 36. Rd1 Be4 37. Qe2 Bc6 1/2-1/2

[Event "DVM U12 2003"]
[Site "Verden/Aller GER"]
[Date "2003.12.29"]
[Round "5"]
[White "Linsenmeyer, Mario"]
[Black "Wang, Zhangxian"]
[Result "1-0"]
[Termination "normal"]
[Board "1.3"]
[WhiteElo "1489"]
[BlackElo "1390"]
[WhiteTeam "FSV Großenseebach"]
[BlackTeam "SC Leipzig-Gohlis"]
[PlyCount "81"]
[WhiteFideId "24635138"]
[EventCountry "GER"]
[EventRounds "7"]
[EventType "team-swiss"]
[EventDate "2003.12.26"]

1. e4 c6 2. Nf3 d5 3. Nc3 dxe4 4. Nxe4 Nf6 5. Nxf6+ gxf6 6. Bc4 Bg4 7. d3 e6 8.
Bf4 Bd6 9. Qd2 Bxf3 10. gxf3 Qc7 11. Bxd6 Qxd6 12. O-O-O Nd7 13. f4 Nb6 14.
Rhe1 Nxc4 15. dxc4 Qxd2+ 16. Rxd2 Ke7 17. f5 Rad8 18. Rde2 e5 19. f4 Rd4 20.
fxe5 Rxc4 21. e6 Rb8 22. exf7+ Kxf7 23. Re7+ Kg8 24. Rg1+ Kh8 25. Rgg7 Rh4 26.
Rxb7 Rxb7 27. Rxb7 Rxh2 28. Rxa7 Rf2 29. Rc7 Rxf5 30. Rxc6 h5 31. Re6 h4 32.
Re1 Ra5 33. Rh1 Rh5 34. b4 Kg7 35. a4 h3 36. b5 Rh4 37. a5 Rh5 38. c4 Rh4 39.
Kb2 Rxc4 40. Rxh3 Rc5 41. Rb3 1-0

[Event "DVM U12 2003"]
[Site "Verden/Aller GER"]
[Date "2003.12.29"]
[Round "5"]
[White "Hasenclever, Leonard"]
[Black "Quaschner, Tobias"]
[Result "1-0"]
[Termination "normal"]
[Board "1.4"]
[WhiteElo "1222"]
[BlackElo "1218"]
[WhiteTeam "SC Leipzig-Gohlis"]
[BlackTeam "FSV Großenseebach"]
[PlyCount "51"]
[BlackFideId "24646989"]
[EventCountry "GER"]
[EventRounds "7"]
[EventType "team-swiss"]
[EventDate "2003.12.26"]

1. e4 c5 2. Nf3 e6 3. d4 cxd4 4. Nxd4 Nf6 5. Nc3 Qb6 6. Nb3 Qc7 7. Be2 Be7 8.
O-O a6 9. f4 d6 10. Be3 Nc6 11. Bf3 O-O 12. Nd4 Qb6 13. Kh1 Qxb2 14. Qd2 Qb4
15. Nxc6 bxc6 16. e5 dxe5 17. Bxc6 Rd8 18. Qe1 exf4 19. Rxf4 Qb2 20. Bxa8 Qxc2
21. Rd4 Rxd4 22. Bxd4 Qf5 23. Qf2 Qd3 24. Rb1 Bd7 25. Bxf6 gxf6 26. Qg3+ 1-0

[Event "DVM U12 2003"]
[Site "Verden/Aller GER"]
[Date "2003.12.29"]
[Round "5"]
[White "Zelbel, Patrick"]
[Black "Vollmer, Jürgen"]
[Result "0-1"]
[Termination "normal"]
[Board "2.1"]
[WhiteElo "1602"]
[BlackElo "1460"]
[WhiteTeam "SF Brackel 30"]
[BlackTeam "SC Rastatt"]
[PlyCount "84"]
[WhiteFideId "24624322"]
[EventCountry "GER"]
[EventRounds "7"]
[EventType "team-swiss"]
[EventDate "2003.12.26"]

1. e4 c6 2. d4 d5 3. f3 dxe4 4. fxe4 e5 5. Nf3 Be6 6. c3 Nd7 7. Bd3 Bd6 8. Be3
Ne7 9. Nbd2 f6 10. Nc4 Qc7 11. Nxd6+ Qxd6 12. Qc2 O-O 13. O-O Rac8 14. Rad1 Qc7
15. b3 b6 16. Nh4 Bg4 17. Be2 Bxe2 18. Qxe2 Rf7 19. Qg4 Rcf8 20. Rf3 Kh8 21.
Rh3 g5 22. Nf5 Ng6 23. Qh5 Nf4 24. Bxf4 gxf4 25. Nh4 a6 26. Ng6+ Kg8 27. Nxf8
Nxf8 28. Rh4 Qe7 29. dxe5 fxe5 30. Rg4+ Ng6 31. Qg5 Qc5+ 32. Kh1 Qxc3 33. Rd8+
Kg7 34. Rd1 f3 35. Qh4 f2 36. h3 f1=Q+ 37. Rxf1 Rxf1+ 38. Kh2 Rf4 39. Qe7+ Rf7
40. Qd6 Qc5 41. Qd2 Qe7 42. h4 Rf4 0-1

[Event "DVM U12 2003"]
[Site "Verden/Aller GER"]
[Date "2003.12.29"]
[Round "5"]
[White "Hietter, Marc-Aurel"]
[Black "Zeldin, Leonid"]
[Result "0-1"]
[Termination "normal"]
[Board "2.2"]
[WhiteElo "1198"]
[BlackElo "1584"]
[WhiteTeam "SC Rastatt"]
[BlackTeam "SF Brackel 30"]
[PlyCount "80"]
[BlackFideId "24636088"]
[EventCountry "GER"]
[EventRounds "7"]
[EventType "team-swiss"]
[EventDate "2003.12.26"]

1. d4 Nf6 2. Nf3 d5 3. c4 e6 4. Nc3 Bb4 5. Bd2 c5 6. e3 O-O 7. Be2 Nc6 8. Nb5
a6 9. Nc3 Re8 10. dxc5 d4 11. Na4 dxe3 12. fxe3 Ng4 13. Bxb4 Nxb4 14. O-O Nxe3
15. Qxd8 Rxd8 16. Rac1 Bd7 17. Nb6 Rab8 18. Rc3 Nf5 19. a3 Nc6 20. Rd1 Be8 21.
Rcd3 Kf8 22. Rxd8 Rxd8 23. Rxd8 Nxd8 24. b4 Nc6 25. b5 axb5 26. cxb5 Ncd4 27.
Nxd4 Nxd4 28. Kf2 Nxb5 29. Bxb5 Bxb5 30. a4 Bc6 31. a5 Bb5 32. Ke3 Ke7 33. Kd4
Kd8 34. Nc4 Bxc4 35. Kxc4 Kc7 36. Kb5 e5 37. c6 e4 38. Kc4 Kxc6 39. Kd4 f5 40.
g4 g6 0-1

[Event "DVM U12 2003"]
[Site "Verden/Aller GER"]
[Date "2003.12.29"]
[Round "5"]
[White "Weiß, Malte"]
[Black "Kaupp, Dennis"]
[Result "1/2-1/2"]
[Termination "normal"]
[Board "2.3"]
[WhiteElo "1148"]
[BlackElo "1221"]
[WhiteTeam "SF Brackel 30"]
[BlackTeam "SC Rastatt"]
[PlyCount "88"]
[WhiteFideId "4616723"]
[EventCountry "GER"]
[EventRounds "7"]
[EventType "team-swiss"]
[EventDate "2003.12.26"]

1. e4 d6 2. d4 g6 3. Nf3 Bg7 4. Nc3 Nf6 5. Bd3 O-O 6. O-O Nfd7 7. Re1 e5 8.
dxe5 Nxe5 9. Bf4 Bg4 10. Bxe5 Bxe5 11. h3 Bxf3 12. Qxf3 Qf6 13. Qxf6 Bxf6 14.
Rab1 Nc6 15. Nd5 Bd8 16. a3 Ne5 17. f4 Nxd3 18. cxd3 c6 19. Nc3 Bh4 20. Re2 Bg3
21. f5 Be5 22. Rf1 Rae8 23. g4 g5 24. Kg2 Kg7 25. Rfe1 f6 26. Kf3 Kf7 27. Rh1
Rh8 28. h4 h6 29. hxg5 hxg5 30. Ree1 Kg7 31. Kg2 Rh7 32. Rxh7+ Kxh7 33. Kf3 Kg7
34. Rh1 Rh8 35. Rxh8 Kxh8 36. Ke2 Kg7 37. Kd1 Kf7 38. Kc2 b5 39. b3 a5 40. a4
b4 41. Ne2 Ke7 42. d4 Bh2 43. Kd3 d5 44. exd5 cxd5 1/2-1/2

[Event "DVM U12 2003"]
[Site "Verden/Aller GER"]
[Date "2003.12.29"]
[Round "5"]
[White "Rohde, Dirk"]
[Black "Kartsev, Alexandr"]
[Result "0-1"]
[Termination "normal"]
[Board "2.4"]
[WhiteElo "1096"]
[BlackElo "1383"]
[WhiteTeam "SC Rastatt"]
[BlackTeam "SF Brackel 30"]
[PlyCount "98"]
[BlackFideId "24647110"]
[EventCountry "GER"]
[EventRounds "7"]
[EventType "team-swiss"]
[EventDate "2003.12.26"]

1. d4 d5 2. Nf3 Nf6 3. e3 Nbd7 4. Nbd2 c6 5. Bd3 Qc7 6. O-O e5 7. dxe5 Nxe5 8.
Nxe5 Qxe5 9. Nf3 Qc7 10. Re1 Bd6 11. h3 O-O 12. e4 dxe4 13. Bxe4 Nxe4 14. Rxe4
Bf5 15. Re2 Rad8 16. Qe1 Qd7 17. c3 h6 18. Be3 a6 19. Rd1 Bh2+ 20. Kxh2 Qxd1
21. Bc5 Qxe1 22. Rxe1 Rfe8 23. Rxe8+ Rxe8 24. Nd4 Bd7 25. b3 Re1 26. a3 Rc1 27.
Bb4 b6 28. Bd6 Rxc3 29. b4 Rd3 30. Nf5 Bxf5 31. Bc7 b5 32. Bb6 Rxa3 33. g4 Be6
34. Kg2 Ra4 35. Bc5 a5 36. bxa5 Rxa5 37. f3 Ra4 38. Kf2 b4 39. Ke2 b3 40. Kd2
Ra2+ 41. Kc1 Rc2+ 42. Kb1 Rxc5 43. Kb2 Rc2+ 44. Ka1 c5 45. g5 c4 46. gxh6 c3
47. h7+ Kxh7 48. f4 b2+ 49. Kb1 Rc1# 0-1

[Event "DVM U12 2003"]
[Site "Verden/Aller GER"]
[Date "2003.12.29"]
[Round "5"]
[White "Fuchs, Raimond"]
[Black "Kordts, Florian"]
[Result "1-0"]
[Termination "normal"]
[Board "3.1"]
[WhiteElo "1282"]
[BlackElo "1400"]
[WhiteTeam "USV Potsdam"]
[BlackTeam "SC Postbauer-Heng"]
[PlyCount "81"]
[BlackFideId "24626856"]
[EventCountry "GER"]
[EventRounds "7"]
[EventType "team-swiss"]
[EventDate "2003.12.26"]

1. e4 c5 2. c4 Nc6 3. Nc3 g6 4. d3 Bg7 5. Be3 b6 6. f4 e6 7. g3 Nge7 8. Bg2 O-O
9. h4 h5 10. g4 hxg4 11. Qxg4 f5 12. Qg3 Kf7 13. Nh3 Bxc3+ 14. bxc3 Ke8 15. Bf3
d6 16. Rd1 Kd7 17. e5 Kc7 18. d4 cxd4 19. cxd4 d5 20. cxd5 exd5 21. O-O Be6 22.
Ng5 Qd7 23. Kh1 Rh8 24. Bc1 Kb7 25. Ba3 Rad8 26. Be2 Rh6 27. Kg2 Rdh8 28. Rh1
a6 29. Qd3 b5 30. Nf3 Na5 31. Bxe7 Qxe7 32. a4 Nc4 33. axb5 axb5 34. Qb3 Kb6
35. Rb1 Qd7 36. Bxc4 dxc4 37. Qb4 Qc6 38. Ra1 Bd5 39. Rhb1 Ra8 40. Rxa8 Qxa8
41. Qc5+ 1-0

[Event "DVM U12 2003"]
[Site "Verden/Aller GER"]
[Date "2003.12.29"]
[Round "5"]
[White "Peter, Tizian"]
[Black "Grimm, Pascal"]
[Result "0-1"]
[Termination "normal"]
[Board "3.3"]
[WhiteElo "1209"]
[BlackElo "1315"]
[WhiteTeam "USV Potsdam"]
[BlackTeam "SC Postbauer-Heng"]
[PlyCount "118"]
[BlackFideId "24620122"]
[EventCountry "GER"]
[EventRounds "7"]
[EventType "team-swiss"]
[EventDate "2003.12.26"]

1. e4 c5 2. Nc3 Nc6 3. Nf3 g6 4. d4 cxd4 5. Nxd4 Bg7 6. Nxc6 bxc6 7. Bd2 a6 8.
Bd3 d5 9. O-O Nf6 10. Re1 O-O 11. Qc1 Qc7 12. Bf4 e5 13. Bh6 Ng4 14. Bxg7 Kxg7
15. Be2 Nf6 16. Bf3 d4 17. Nd1 Qb6 18. a4 Be6 19. a5 Qb7 20. c3 c5 21. b4 cxb4
22. cxd4 exd4 23. e5 Nd5 24. Qg5 Rab8 25. h3 Qd7 26. Nb2 h6 27. Qg3 Nc3 28. h4
Rfc8 29. Qf4 Rc7 30. h5 g5 31. Qf6+ Kh7 32. Na4 Qe7 33. Qxe7 Rxe7 34. Nc5 Bc4
35. Be4+ Kg7 36. Bf5 Ra8 37. e6 Rae8 38. Re5 fxe6 39. Bg6 Rc8 40. Rae1 Ne2+ 41.
Kh2 Nf4 42. R1e4 Bd5 43. Rxd4 Rxc5 44. Rxb4 Nxg6 45. hxg6 Kxg6 46. f3 Rxa5 47.
g4 Rb5 48. Ra4 Ra7 49. Kg3 a5 50. Ra1 a4 51. f4 Rb3+ 52. Kf2 gxf4 53. Ree1 Rb2+
54. Kf1 a3 55. Rec1 a2 56. Ke1 Rh2 57. Kd1 Rh1+ 58. Kd2 Rxc1 59. Kxc1 Rb7 0-1

[Event "DVM U12 2003"]
[Site "Verden/Aller GER"]
[Date "2003.12.29"]
[Round "5"]
[White "Bohatschek, Daniel"]
[Black "Hobusch, Alexander"]
[Result "1/2-1/2"]
[Termination "normal"]
[Board "4.1"]
[WhiteElo "1231"]
[BlackElo "1771"]
[WhiteTeam "ZSG GW Waltershausen"]
[BlackTeam "SG Bochum 1931"]
[PlyCount "114"]
[WhiteFideId "4647629"]
[BlackFideId "24611387"]
[EventCountry "GER"]
[EventRounds "7"]
[EventType "team-swiss"]
[EventDate "2003.12.26"]

1. e4 e6 2. d4 d5 3. exd5 exd5 4. Bd3 c5 5. c3 Nc6 6. Nf3 Nf6 7. O-O cxd4 8.
cxd4 Be7 9. Nc3 O-O 10. Bf4 Bg4 11. Be2 Qb6 12. Qb3 Qxb3 13. axb3 Rfd8 14. Rad1
Ne4 15. h3 Bxf3 16. Bxf3 f5 17. Rfe1 Bb4 18. Re3 a6 19. g4 g5 20. Bc7 Rd7 21.
Bxe4 fxe4 22. Bg3 Na5 23. f3 Re7 24. Nxd5 Rae8 25. Nxe7+ Rxe7 26. fxe4 Rd7 27.
Be1 Bxe1 28. Rexe1 Nxb3 29. d5 Kf7 30. e5 Ke7 31. Kf2 Na5 32. Rf1 Nc4 33. Rfe1
Nxb2 34. Rd2 Nc4 35. Rd4 b5 36. Kg3 Nb6 37. d6+ Ke6 38. h4 gxh4+ 39. Kxh4 a5
40. Rf4 Nd5 41. Rf8 Rb7 42. Kg5 b4 43. Re8+ Kd7 44. Ra8 b3 45. Rxa5 Nc3 46. Rc5
b2 47. Rxc3 b1=Q 48. Rxb1 Rxb1 49. Re3 Ke6 50. Kh6 Rh1+ 51. Kg7 Rg1 52. Kxh7
Rxg4 53. Kh6 Rg1 54. Kh5 Rg2 55. Kh4 Rg7 56. Rd3 Rd7 57. Kg4 Kxe5 1/2-1/2

[Event "DVM U12 2003"]
[Site "Verden/Aller GER"]
[Date "2003.12.29"]
[Round "5"]
[White "Mazarov, Jürgen"]
[Black "Helmund, Thomas"]
[Result "1-0"]
[Termination "normal"]
[Board "4.2"]
[WhiteElo "1728"]
[BlackElo "1224"]
[WhiteTeam "SG Bochum 1931"]
[BlackTeam "ZSG GW Waltershausen"]
[PlyCount "51"]
[WhiteFideId "24617768"]
[BlackFideId "4647882"]
[EventCountry "GER"]
[EventRounds "7"]
[EventType "team-swiss"]
[EventDate "2003.12.26"]

1. e4 c5 2. Nf3 e6 3. d4 cxd4 4. Nxd4 a6 5. Nc3 b5 6. Be3 Bb7 7. f3 Bb4 8. Qd2
Nf6 9. O-O-O Nc6 10. g4 d5 11. g5 Nd7 12. Nxc6 Bxc6 13. a3 Bxc3 14. Qxc3 Rc8
15. Qxg7 Rf8 16. Qxh7 Ne5 17. f4 Nc4 18. Bxc4 bxc4 19. Bc5 Qa5 20. Bxf8 Kxf8
21. Qh8+ Ke7 22. Qxc8 Ba4 23. Qb7+ Ke8 24. exd5 c3 25. Qb4 cxb2+ 26. Kxb2 1-0

[Event "DVM U12 2003"]
[Site "Verden/Aller GER"]
[Date "2003.12.29"]
[Round "5"]
[White "Schmidt, Lukas"]
[Black "Ryvkin, Leonid"]
[Result "0-1"]
[Termination "normal"]
[Board "4.3"]
[WhiteElo "901"]
[BlackElo "1173"]
[WhiteTeam "ZSG GW Waltershausen"]
[BlackTeam "SG Bochum 1931"]
[PlyCount "72"]
[EventCountry "GER"]
[EventRounds "7"]
[EventType "team-swiss"]
[EventDate "2003.12.26"]

1. e4 e5 2. Nf3 Nf6 3. Nc3 Bb4 4. d3 Nc6 5. Bd2 O-O 6. Be2 d6 7. O-O Bg4 8. a3
Ba5 9. b4 Bb6 10. Be3 Qe7 11. d4 Bxf3 12. Bxf3 exd4 13. Bd2 dxc3 14. Bxc3 Nxe4
15. Bb2 Nf6 16. Re1 Ne5 17. Bxb7 Rab8 18. Bf3 Nxf3+ 19. Qxf3 Qd8 20. Re2 a5 21.
Rae1 axb4 22. axb4 h6 23. Qg3 Nh5 24. Qg4 Qg5 25. Qf3 Nf4 26. Re4 Ne6 27. Rg4
Qd2 28. Rxe6 Qxf2+ 29. Qxf2 Bxf2+ 30. Kxf2 fxe6+ 31. Kg1 e5 32. Rc4 c5 33. Ba3
Rf7 34. h3 Ra7 35. Bb2 Rxb4 36. Rxb4 cxb4 0-1

[Event "DVM U12 2003"]
[Site "Verden/Aller GER"]
[Date "2003.12.29"]
[Round "5"]
[White "Huschenbeth, Niclas"]
[Black "Gadschisade, Machmud"]
[Result "1-0"]
[Termination "normal"]
[Board "5.1"]
[WhiteElo "1891"]
[BlackElo "1496"]
[WhiteTeam "SK Johanneum Eppendorf"]
[BlackTeam "SG Porz"]
[PlyCount "35"]
[WhiteFideId "24604747"]
[BlackFideId "4647734"]
[EventCountry "GER"]
[EventRounds "7"]
[EventType "team-swiss"]
[EventDate "2003.12.26"]

1. e4 c5 2. c3 Nf6 3. e5 Nd5 4. d4 cxd4 5. cxd4 b6 6. Nc3 Nxc3 7. bxc3 e6 8.
Nf3 Qc7 9. Bd2 Bb7 10. Bd3 d6 11. O-O Nd7 12. Ng5 h6 13. Qh5 hxg5 14. Qxh8 dxe5
15. Bxg5 Qxc3 16. Bb5 exd4 17. Rfe1 Qc5 18. Rxe6+ 1-0

[Event "DVM U12 2003"]
[Site "Verden/Aller GER"]
[Date "2003.12.29"]
[Round "5"]
[White "Gossmann, Philipp"]
[Black "Moshtael, Wesal"]
[Result "0-1"]
[Termination "normal"]
[Board "5.2"]
[WhiteElo "1323"]
[BlackElo "1637"]
[WhiteTeam "SG Porz"]
[BlackTeam "SK Johanneum Eppendorf"]
[PlyCount "148"]
[BlackFideId "24618551"]
[EventCountry "GER"]
[EventRounds "7"]
[EventType "team-swiss"]
[EventDate "2003.12.26"]

1. e4 c5 2. Ne2 e6 3. g3 Nc6 4. Bg2 Nf6 5. O-O d6 6. c3 Be7 7. d4 cxd4 8. cxd4
O-O 9. Nbc3 Bd7 10. Be3 Rc8 11. Rc1 a6 12. a3 b5 13. b4 Ng4 14. Qd2 Nxe3 15.
Qxe3 Qb6 16. Qd2 Bf6 17. Rfd1 Rfd8 18. Kh1 a5 19. bxa5 Nxa5 20. Qb2 Nc4 21. Qb4
Qa6 22. Ra1 Rb8 23. Rdb1 Qb6 24. Rd1 Rdc8 25. e5 Be7 26. Qb3 Be8 27. exd6 Bxd6
28. Ne4 Bf8 29. Qf3 Bc6 30. Qh5 Bxe4 31. Bxe4 g6 32. Qf3 Bg7 33. Rab1 Nd6 34.
d5 Nxe4 35. Qxe4 exd5 36. Qf3 Rd8 37. Kg1 d4 38. Qd3 Qc6 39. Rb4 Rd5 40. Rc1
Qb6 41. Rcb1 Qa6 42. a4 Qa8 43. axb5 Rb6 44. Nf4 Rc5 45. R4b3 Qc8 46. Ne2 Qd7
47. Ra1 Rbxb5 48. Rxb5 Rxb5 49. Ra8+ Bf8 50. Qa3 Rb1+ 51. Kg2 Qb7+ 52. f3 Qb4
53. Qxb4 Rxb4 54. Rd8 Rb2 55. Kf1 Rb1+ 56. Kg2 Rb2 57. Kf2 Kg7 58. f4 Bc5 59.
Kf3 Rb3+ 60. Ke4 Re3+ 61. Kd5 Be7 62. Kxd4 Rxe2 63. Ra8 Rxh2 64. Ke4 h5 65. f5
gxf5+ 66. Kxf5 Rg2 67. Ra1 Rxg3 68. Rh1 h4 69. Kf4 Kg6 70. Ke4 Kg5 71. Rf1 f6
72. Rf5+ Kg4 73. Rf4+ Kh3 74. Rf2 Rg2 0-1

[Event "DVM U12 2003"]
[Site "Verden/Aller GER"]
[Date "2003.12.29"]
[Round "5"]
[White "Stellfeld, Tilman"]
[Black "Wittig, Till"]
[Result "1-0"]
[Termination "normal"]
[Board "5.3"]
[WhiteElo "1180"]
[BlackElo "1176"]
[WhiteTeam "SK Johanneum Eppendorf"]
[BlackTeam "SG Porz"]
[PlyCount "155"]
[WhiteFideId "24651311"]
[BlackFideId "12944998"]
[EventCountry "GER"]
[EventRounds "7"]
[EventType "team-swiss"]
[EventDate "2003.12.26"]

1. d4 d5 2. Nf3 Nf6 3. c4 e6 4. Nc3 c6 5. Bg5 Nbd7 6. e3 Qa5 7. cxd5 Nxd5 8.
Qa4 Qxa4 9. Nxa4 Bb4+ 10. Nd2 b5 11. Nc5 Nxc5 12. dxc5 Bd7 13. Rc1 O-O 14. a3
Ba5 15. b4 Bd8 16. Nf3 f6 17. Bh4 Be7 18. Be2 a5 19. O-O axb4 20. axb4 Nxb4 21.
Rfd1 Rfd8 22. Ne5 Be8 23. Nf3 Rxd1+ 24. Bxd1 Nd3 25. Rb1 Nxc5 26. Nd4 Kf7 27.
Kf1 Ne4 28. Ke1 c5 29. Ne2 b4 30. Bb3 Bb5 31. Bc2 Bxe2 32. Bxe4 Bd3 33. Bxd3
Rc8 34. Bc4 Bd6 35. Bg3 Bxg3 36. hxg3 Ke7 37. Kd2 Kd6 38. Rd1 e5 39. Kc2+ Kc6
40. Kb2 Rc7 41. e4 Ra7 42. Ra1 Rxa1 43. Kxa1 g6 44. Kb2 f5 45. f3 fxe4 46. fxe4
Kd6 47. Kc2 Ke7 48. Kd3 Kf6 49. Ke3 Kg5 50. Kf3 h5 51. Be6 h4 52. Bc4 Kh5 53.
Bb3 hxg3 54. Kxg3 Kg5 55. Kf3 Kh4 56. Be6 Kg5 57. g4 Kf6 58. Bd5 g5 59. Ke3 Ke7
60. Kd3 Kd6 61. Kc4 b3 62. Kxb3 Kc7 63. Kc4 Kb6 64. Ba8 Kc7 65. Kxc5 Kd7 66.
Kd5 Ke7 67. Kxe5 Kf7 68. Kf5 Kg7 69. Kxg5 Kf7 70. Kf5 Ke7 71. g5 Kf7 72. g6+
Kg7 73. e5 Kf8 74. Kf6 Kg8 75. g7 Kh7 76. Kf7 Kh6 77. g8=Q Kh5 78. Bf3+ 1-0